Groups and graphs: new results and methods
সংরক্ষণ করুন:
| প্রধান লেখক: | , , |
|---|---|
| বিন্যাস: | গ্রন্থ |
| ভাষা: | ইংরেজি |
| প্রকাশিত: |
Boston
Brikhäuser
1985
|
| মালা: | DMV Semiar, 6
|
| বিষয়গুলি: | |
| ট্যাগগুলো: |
ট্যাগ যুক্ত করুন
কোনো ট্যাগ নেই, প্রথমজন হিসাবে ট্যাগ করুন!
|
MARC
| LEADER | 00000nam a2200000 a 4500 | ||
|---|---|---|---|
| 001 | UCP1438 | ||
| 003 | CL-VaPUC | ||
| 008 | 990409e19850000US |||||||||||||||||eng|d | ||
| 082 | 0 | 4 | |a 511.5 |b DEL |2 21 |
| 100 | 0 | |a Delgado, Alberto |e author |9 427487 | |
| 700 | 0 | |a Goldschmidt, D |e author |9 427488 | |
| 700 | 0 | |a Stellmacher, B |e author |9 427489 | |
| 245 | 1 | 0 | |a Groups and graphs: new results and methods |
| 300 | |a 244 p | ||
| 942 | |c BK | ||
| 945 | |d 19990409 00:00:00 |a crobeson | ||
| 260 | |a Boston |b Brikhäuser |c 1985 | ||
| 650 | 0 | |a Teoría de grafos |9 269886 | |
| 650 | 0 | |a Teoría de grupos |9 270028 | |
| 650 | 7 | |a GRUPOS |2 CL-VaPUC |9 336429 | |
| 650 | 0 | |a Grafos |9 344754 | |
| 650 | 0 | |a Representaciones de grupos |9 417402 | |
| 583 | |a last modification |c 19990409 00:00:00 |k Rodrigo Vera | ||
| 490 | 0 | |a DMV Semiar, 6 | |
| 999 | |c 280116 |d 280114 | ||
| 952 | |0 0 |1 0 |4 0 |6 511_500000000000000_DEL_1985 |7 0 |8 A |9 320125 |a BIBMAT |b BIBMAT |d 2019-11-20 |i 1340948 |o 511.5 DEL 1985 |p 1340948 |r 2025-01-07 |w 2019-11-20 |y BK |k MAT | ||